000 00278nam a2200109Ia 4500
008 220120s9999||||xx |||||||||||||| ||und||
020 _a9781742751177
100 _aSri book world
245 0 _aElectronics communication (quistion paper)
260 _bSydney
300 _a349p.
_b0
999 _c136479
_d136479